Statistics for Greatest Novels of All Time

Click here to take the quiz!

General Stats

  • This quiz has been taken 206 times
    (201 since last reset)
  • The average score is 34 of 100

Answer Stats

HintAnswer% Correct
Miguel de CervantesDon Quixote
90%
Mary ShelleyFrankenstein
87%
Jane AustenEmma
79%
Mark TwainAdventures of Huckleberry Finn
78%
Herman MelvilleMoby-Dick
78%
George Orwell1984
77%
Emily BrontëWuthering Heights
77%
J. R. R. TolkienThe Lord of the Rings
76%
Lewis CarrollAlice's Adventures in Wonderland
75%
F. Scott FitzgeraldThe Great Gatsby
75%
Daniel DefoeRobinson Crusoe
73%
Harper LeeTo Kill a Mockingbird
73%
Vladimir NabokovLolita
72%
J. D. SalingerCatcher in the Rye
70%
Jonathan SwiftGulliver's Travel
69%
Charlotte BrontëJane Eyre
69%
Leo TolstoyAnna Karenina
68%
Aldous HuxleyBrave New World
68%
Louisa May AlcottLittle Women
65%
James JoyceUlysses
65%
William GoldingLord of the Flies
64%
Jack KerouacOn the Road
64%
Nathaniel HawthorneThe Scarlet Letter
62%
Joseph HellerCatch-22
59%
Jack LondonThe Call of the Wild
58%
Oscar WildeThe Picture of Dorian Gray
57%
Charles DickensDavid Copperfield
56%
Fyodor DostoevskyThe Brothers Karamazov
55%
Alexandre DumasThe Count of Monte Cristo
55%
Gustave FlaubertMadame Bovary
54%
William Makepeace ThackerayVanity Fair
53%
Virginia WoolfMrs. Dalloway
50%
Franz KafkaThe Trial
50%
Gabriel García MárquezOne Hundred Years of Solitude
47%
William FaulknerAs I Lay Dying
44%
E. B. WhiteCharlotte's Web
42%
John BunyanPilgrim's Progress
42%
Marcel ProustIn Search of Lost Time
41%
Ian McEwanAtonement
39%
Henry FieldingTom Jones
39%
Kenneth GrahameThe Wind in the Willows
38%
Chinua AchebeThings Fall Apart
37%
Thomas HardyJude the Obscure
34%
Joseph ConradNostromo
32%
Wilkie CollinsThe Woman in White
32%
Laurence SternTristram Shandy
32%
Albert CamusThe Plague
31%
Henry JamesThe Portrait of a Lady
30%
Roald DahlThe BFG
28%
Jerome K. JeromeThree Men in a Boat
28%
Robert Louis StevensonThe Strange Case of Dr. Jekyll and Mr. Hyde
27%
Kingsley AmisLucky Jim
26%
Günter GrassThe Tin Drum
25%
John Le CarréTinker Tailor Soldier Spy
24%
Samuel RichardsonClarissa
23%
E. M. ForsterA Passage to India
21%
Martin AmisMoney
21%
Evelyn WaughScoop
21%
Toni MorrisonSong of Solomon
21%
John BuchanThe Thirty-Nine Steps
21%
Muriel SparkThe Prime of Miss Jean Brodie
20%
Philip RothAmerican Pastoral
19%
Pierre Choderlos de LaclosDangerous Liaisons
19%
Raymond ChandlerThe Big Sleep
19%
StendhalThe Charterhouse of Parma
19%
V. S. NaipulA Bend in the River
18%
John Dos PassosU.S.A.
17%
George EliotDaniel Deronda
14%
Ford Madox FordThe Good Soldier
14%
D. H. LawrenceThe Rainbow
14%
Benjamin DisraeliSybil
13%
Graham GreeneThe Quiet American
13%
Saul BellowHerzog
12%
Paul AusterThe New York Trilogy
11%
Samuel BeckettMalone Dies
10%
Erskine ChildersThe Riddle of the Sands
10%
Flannery O'ConnorWise Blood
10%
Marilynne RobinsonHousekeeping
9%
James EllroyL.A. Confidential
9%
Anthony TrollopeThe Way We Live Now
9%
George GrossmithThe Diary of a Nobody
8%
Primo LeviThe Periodic Table
8%
W. G. SebaldAusterlitz
7%
Italo CalvinoIf on a Winter's Night a Traveller
7%
Louis-Ferdinand CelineJourney to the End of the Night
7%
Alasdair GrayLanark
7%
Ernest HemingwayMen Without Women
7%
Peter CareyOscar and Lucinda
7%
Norman MailerThe Executioner's Song
7%
J. M. CoetzeeWaiting for the Barbarians
7%
Thomas Love PeacockNightmare Abbey
6%
Philip PullmanNorthern Lights
5%
Kazuo IshiguroAn Artist of the Floating World
4%
Honoré de BalzacThe Black Sheep
4%
Nancy MitfordThe Pursuit of Love
3%
Salman RushdieHaroun and the Sea of Stories
2%
Milan KunderaThe Book of Laughter and Forgetting
2%
Elizabeth TaylorMrs. Palfrey at the Claremont
1%
Beryl BainbridgeThe Bottle Factory Outing
1%
Angela CarterWise Children
1%

Score Distribution

Percentile by Number Answered

Percent of People with Each Score

Your Score History

You have not taken this quiz since the last reset